000 00994nas a2200349 4500
001 BR2020000675
003 BR-BrBNA
005 20231205132052.0
007 ta
008 230509b bl.|||p| |||| 00| 00por d
040 _aBR-BrBNA
_bpor
_cBiblioteca Nacional de Agricultura
041 _a(Pt)
072 _aF01
100 1 _aSerciloto, C.M.
100 1 _aSilva, C.J. da
100 1 _aLaurindo, V.T.
100 1 _aCamargo, S.
100 1 _aElias Júnior, R.
245 1 _aEfeito do Biozyme TF sobre a fixação e a produção de frutos da laranjeira "valência"
650 _aFITOTECNIA
650 _aTAMANHO
650 _aFRUTO
650 _aCITRUS SINENSIS
650 _aPONCIRUS TRIFOLIATA
650 _aPRODUTIVIDADE
650 _aNUTRIÇÃO VEGETAL
650 _aCRESCIMENTO
650 _aHORMÔNIO
773 0 _tLaranja (Brazil)
_xISSN 0102-1907
_g(2003), v.24(2) p. 441-446
_wBR2020000675
909 _a202311
_bLúcia
_c55
_dLúcia Elande
942 _2AGRIS
_n0
_cANA
999 _c258292
_d258292